000 01561nam2a22003251 4500
001 RU\NLR\BIBL_A\012687453
005 20260406165756.0
035 _a(NLR Aleph) 012687453
090 _a12835489
_c12835489
100 _a20041117d1901 |||y0rusy50 ca
101 0 _arus
102 _aRU
105 _ay ||||000|y
135 _acrmn mmmanaba
200 1 _aБожественная комедия
_h2
_iЧистилище
_fА. Данте
210 _d1901
_aБ. м.
300 _aЧ. 3 (Рай) напеч. в изд. "Общеполезная библиотека". 1902 кн.10-11
325 _aКопия доступна в Электрон. б-ке РНБ
461 0 _1001RU\NLR\INFOCOMM7\5000011339
_12001#$aСобрание романов Родины$eПроизведения русских писателей$eБеспл. прил. к журн. "Родина"$v1901, Кн.16
_94508114
_cСПб.
_d1887-1908
_nА.А. Каспари
_oПроизведения русских писателей : Беспл. прил. к журн. "Родина"
_tСобрание романов Родины
_v1901, Кн.16
700 0 _4070
_7ca
_8rus
_aДанте Алигьери
_f1265-1321
_9122012
_3RU\NLR\AUTH\7712289
801 1 _aRU
_bInfoComm
_c20041117
801 0 _aRU
_bNLR
_gPSBO
852 _aNLR
_j2/1459
942 _cISSUE
980 _aNB
980 _aRUSPER
981 2 7 _a(27) Периодические издания
_b(27) Журналы